I laici nel diritto della chiesa

Salvato in:
Dettagli Bibliografici
Natura: Libro
Lingua:italiano
Pubblicazione: Ciudad del Vaticano Libreria Editrice Vaticana 1987
Serie:Studi Giuridici, 14
Soggetti:
Tags: Aggiungi Tag
Nessun Tag, puoi essere il primo ad aggiungerne!!

MARC

LEADER 00000nam a2200000 a 4500
001 UCV3278
003 CL-VaPUC
008 930511e19870000VC |||||||||||||||||ita|d
082 0 4 |a 262.932  |b LAI  |2 21 
245 1 2 |a I laici nel diritto della chiesa 
300 |a 177 p 
942 |c BK 
945 |d 19930511 00:00:00 
260 |a Ciudad del Vaticano  |b Libreria Editrice Vaticana  |c 1987 
650 0 |a Laicos  |9 255625 
650 7 |a DERECHO CANONICO  |2 CL-VaPUC  |9 297554 
583 |a last modification  |c 19930511 00:00:00  |k Rodrigo Vera 
490 0 |a Studi Giuridici, 14 
999 |c 210563  |d 210561 
952 |0 0  |1 0  |4 0  |6 262_932000000000000_LAI_1987  |7 0  |8 A  |9 186914  |a BIBDER  |b BIBDER  |d 2019-11-14  |i 2545160  |o 262.932 LAI 1987  |p 2545160  |r 2023-01-25  |w 2019-11-14  |y BK  |k DER